| 000 | 01135nam a2200277Ia 4500 | ||
|---|---|---|---|
| 003 | URS | ||
| 005 | 20250616160947.0 | ||
| 008 | 240418s9999 xx 000 0 und d | ||
| 020 | _a9781473929579 (pbk.) | ||
| 040 |
_bEnglish _cURS _erda |
||
| 050 |
_aRT71 _b.Es74 2015 |
||
| 100 |
_aDelves-Yates, Catherine, _eeditor. |
||
| 245 | 0 |
_aEssentials of nursing practice / _c[edited by] Catherine Delves-Yates. |
|
| 264 |
_aThousand Oaks, CA : _bSAGE Publications Ltd, _c©2015. |
||
| 300 |
_axxiii, 712 pages : _billustrations ; _c27 cm. |
||
| 336 |
_atext _btxt _2rdacontent |
||
| 337 |
_aunmediated _bn _2rdamedia |
||
| 338 |
_avolume _bnc _2rdacarrier |
||
| 504 | _aIncludes bibliographical references and index. | ||
| 505 | _aPart A. Learning To Be A Nurse -- Part B. Professional Practice -- Part C. Fundamentals Of Nursing Care -- Part D. Skills For Nursing Care -- Part E. Contexts Of Nursing Care. | ||
| 650 | 0 |
_aNursing _xTextbooks. _91348 |
|
| 650 | 0 |
_aNursing _vStudy and teaching _zGreat Britain. _91083 |
|
| 650 | 0 |
_aNursing practice _xTextbooks. _91349 |
|
| 700 |
_aDelves-Yates, Catherine, _eeditor. _96195 |
||
| 942 |
_cFR _2lcc |
||
| 999 |
_c79055 _d79054 |
||